000 00807cam a22002531 4500
001 c 61001784
003 DLC
005 20260227111033.0
008 040409s1961 cc 000 0 chi
010 _ac 61001784
035 _a(CStRLIN)DCLP04-B6495
040 _aDLC
_cMiU
_dMoSW
_dNIC
_dCStRLIN
_dNIC
_dDLC-R
_dDLC
050 0 0 _aPL2862.U25
_bI2
066 _c$1
100 1 _6880-01
_aXu, Su,
_d1924-1981.
245 1 0 _6880-02
_aYi de ji,
_cXu Su zhu.
260 _6880-03
_aJiulong,
_bGao yuan chu ban she,
_c1961.
300 _a198 p.
_c19 cm.
440 0 _6880-04
_aZhongguo dang dai wen yi cong shu
880 1 _6100-01/$1
_a徐速,
_d1924-1981.
880 1 0 _6245-02/$1
_a一得集
_c徐速著.
880 _6260-03/$1
_a九龍,
_b高原出版社,
_c1961.
880 0 _6440-04/$1
_a中國當代文藝叢書
999 _c12739
_d12739